[Event "DVM U14w 2012"]
[Site "Magdeburg GER"]
[Date "2012.12.27"]
[Round "2"]
[White "Manusina, Nicole"]
[Black "Sherif, Amina"]
[Result "1/2-1/2"]
[Termination "normal"]
[Board "1.1"]
[WhiteElo "1772"]
[BlackElo "1565"]
[WhiteTeam "SG Oesede-Georgsmarienhütte"]
[BlackTeam "SG Solingen"]
[WhiteFideId "24657514"]
[BlackFideId "12911690"]
[EventCountry "GER"]
[EventRounds "7"]
[EventType "team-swiss"]
[EventDate "2012.12.26"]

1. d4 d5 2. c4 c6 3. Nf3 Nf6 4. Nc3 e6 5. e3 Nbd7 6. Qc2 Be7 7. Bd3 dxc4 8.
Bxc4 c5 9. O-O O-O 10. Rd1 a6 11. a4 Qc7 12. d5 exd5 13. Nxd5 Nxd5 14. Bxd5 Nf6
15. Bc4 Bg4 16. Be2 Rfd8 17. b3 Rxd1+ 18. Bxd1 Rd8 19. Bb2 Qd7 20. Be2 Qf5 21.
Qxf5 Bxf5 22. Bc4 Bd3 23. Ne5 Bxc4 24. Nxc4 Rd3 25. Bxf6 Bxf6 26. Rb1 Bc3 27.
a5 Kf8 28. Kf1 Ke8 29. Ke2 Rd5 30. Rd1 Rxd1 31. Kxd1 Kd7 32. Kc2 Bf6 33. Kd3
Ke6 34. f4 Bd8 35. f5+ Kd7 36. Ne5+ Ke7 37. Kc4 Bxa5 38. Kxc5 Kf6 39. Nc4 Bc7
40. e4 b5 41. Ne3 Ke5 42. Nd5 Bd8 43. Nc3 Ba5 44. b4 1/2-1/2

[Event "DVM U14w 2012"]
[Site "Magdeburg GER"]
[Date "2012.12.27"]
[Round "2"]
[White "Reksten, Anne"]
[Black "Böhm, Jana"]
[Result "1/2-1/2"]
[Termination "normal"]
[Board "1.2"]
[WhiteElo "1660"]
[BlackElo "1701"]
[WhiteTeam "SG Solingen"]
[BlackTeam "SG Oesede-Georgsmarienhütte"]
[WhiteFideId "24692778"]
[BlackFideId "24661589"]
[EventCountry "GER"]
[EventRounds "7"]
[EventType "team-swiss"]
[EventDate "2012.12.26"]

1. c4 Nf6 2. Nc3 g6 3. e4 d6 4. d4 Bg7 5. h3 O-O 6. Nf3 c5 7. Be3 Qa5 8. Qd2
Rd8 9. Be2 Nc6 10. a3 e5 11. d5 Nd4 12. Rb1 Nb3 13. Qc2 Nd4 14. Qd2 Nxe2 15.
Nxe2 Qxd2+ 16. Nxd2 a5 17. b3 Bd7 18. Nc3 Nh5 19. g3 f5 20. Nf1 fxe4 21. Nxe4
Bf5 22. Nfd2 Nf6 23. f3 Nxe4 24. Nxe4 Bxe4 25. fxe4 Rf8 26. Rf1 Rxf1+ 27. Kxf1
Rf8+ 28. Ke2 b6 29. Rf1 Rxf1 30. Kxf1 Kf7 31. Bg5 Bf6 32. Bxf6 Kxf6 33. Ke2 g5
1/2-1/2

[Event "DVM U14w 2012"]
[Site "Magdeburg GER"]
[Date "2012.12.27"]
[Round "2"]
[White "Hinzke, Anna-Lena"]
[Black "Kublanov, Carolin"]
[Result "1-0"]
[Termination "normal"]
[Board "1.3"]
[WhiteElo "1458"]
[BlackElo "1107"]
[WhiteTeam "SG Oesede-Georgsmarienhütte"]
[BlackTeam "SG Solingen"]
[WhiteFideId "12928704"]
[BlackFideId "12944548"]
[EventCountry "GER"]
[EventRounds "7"]
[EventType "team-swiss"]
[EventDate "2012.12.26"]

1. e4 e5 2. Nf3 Nc6 3. Bb5 Nf6 4. d3 d6 5. c3 Be6 6. Nbd2 d5 7. Nxe5 Qd6 8.
Nef3 a6 9. e5 Qe7 10. exf6 Qxf6 11. Bxc6+ bxc6 12. O-O Bd6 13. Re1 O-O 14. Nf1
h6 15. Ng3 Rfd8 16. Nd4 c5 17. Nxe6 fxe6 18. Qg4 Bxg3 19. Qxg3 Rf8 20. f3 d4
21. c4 c6 22. Qe5 Qxe5 23. Rxe5 Rf6 24. Rxc5 Rc8 25. Bd2 Kf7 26. b4 Ke7 27. b5
axb5 28. cxb5 Kd6 29. Rac1 Kd7 30. bxc6+ Kd6 31. R5c4 Kd5 32. c7 Rf7 33. Kf2
Kd6 34. g3 Rfxc7 35. Rxc7 Rxc7 36. Bf4+ Kd5 37. Rxc7 g5 38. Bd2 h5 39. a4 Kd6
40. Rc4 Ke5 41. a5 g4 42. a6 h4 43. a7 h3 44. a8=Q gxf3 45. Rc5+ Kd6 46. Qc6+
Ke7 47. Rb5 Kd8 48. Rb7 e5 49. Qd7# 1-0

[Event "DVM U14w 2012"]
[Site "Magdeburg GER"]
[Date "2012.12.27"]
[Round "2"]
[White "Kublanov, Elizabeth"]
[Black "Wang, Yanru"]
[Result "0-1"]
[Termination "normal"]
[Board "1.4"]
[WhiteElo "1060"]
[BlackElo "1413"]
[WhiteTeam "SG Solingen"]
[BlackTeam "SG Oesede-Georgsmarienhütte"]
[WhiteFideId "12944564"]
[BlackFideId "12929328"]
[EventCountry "GER"]
[EventRounds "7"]
[EventType "team-swiss"]
[EventDate "2012.12.26"]

1. d4 d5 2. Nf3 e6 3. c4 Nf6 4. Bf4 Bd6 5. Bxd6 Qxd6 6. Nc3 O-O 7. e3 c6 8. Bd3
b6 9. O-O Bb7 10. e4 dxe4 11. Nxe4 Qe7 12. Qe2 Nbd7 13. Nxf6+ Nxf6 14. Qe3 Rfd8
15. Qg5 h6 16. Qg3 Rac8 17. Rfe1 Qd7 18. Re5 c5 19. d5 exd5 20. Rf5 Ne4 21. Ne5
Qxf5 22. f3 Nxg3 23. Bxf5 Nxf5 24. cxd5 Rxd5 25. Re1 Re8 26. f4 f6 0-1

[Event "DVM U14w 2012"]
[Site "Magdeburg GER"]
[Date "2012.12.27"]
[Round "2"]
[White "Klinge, Sabina"]
[Black "Moses, Selina"]
[Result "0-1"]
[Termination "normal"]
[Board "2.1"]
[WhiteElo "1619"]
[BlackElo "1724"]
[WhiteTeam "TuRa Harksheide"]
[BlackTeam "Muldental Wilkau-Haßlau"]
[WhiteFideId "12949590"]
[BlackFideId "12908070"]
[EventCountry "GER"]
[EventRounds "7"]
[EventType "team-swiss"]
[EventDate "2012.12.26"]

1. e4 c5 2. Nf3 d6 3. d4 cxd4 4. Nxd4 Nf6 5. Nc3 a6 6. Bc4 e6 7. O-O b5 8. Bd3
Bb7 9. a3 Nbd7 10. Be3 Be7 11. f4 Qc7 12. Qf3 O-O 13. Rae1 Nb6 14. Kh1 Nc4 15.
Bc1 h6 16. Qg3 Kh8 17. e5 dxe5 18. fxe5 Nd7 19. Nf3 Bxf3 20. Rxf3 Ncxe5 21. Bf4
f6 22. Bxe5 Nxe5 23. Rfe3 Bd6 24. Qh3 Nxd3 25. Rxd3 e5 26. Red1 Rad8 27. Ne4
Be7 28. c3 Rxd3 29. Rxd3 f5 30. Ng3 e4 31. Rd5 Qf4 32. Rd1 e3 33. Ne2 Qf2 34.
Qf3 Qxf3 35. gxf3 Rd8 36. Rd4 Bf6 37. Rxd8+ Bxd8 38. f4 Bc7 39. Kg2 g5 40. fxg5
hxg5 41. h3 Kg7 42. Nd4 Kf6 43. Kf3 Ke5 44. Nc6+ Kd6 45. Nd4 f4 46. h4 gxh4 47.
Kxf4 Kd5+ 48. Kg4 Bg3 49. Kf3 Bf2 50. b3 h3 51. Ne2 h2 52. Kg2 Ke4 53. Kxh2 Kd3
54. Nf4+ Kxc3 0-1

[Event "DVM U14w 2012"]
[Site "Magdeburg GER"]
[Date "2012.12.27"]
[Round "2"]
[White "Schramm, Anna-Lena"]
[Black "Fromm, Katja"]
[Result "1-0"]
[Termination "normal"]
[Board "2.3"]
[WhiteElo "1437"]
[BlackElo "1577"]
[WhiteTeam "TuRa Harksheide"]
[BlackTeam "Muldental Wilkau-Haßlau"]
[WhiteFideId "12918237"]
[BlackFideId "12929409"]
[EventCountry "GER"]
[EventRounds "7"]
[EventType "team-swiss"]
[EventDate "2012.12.26"]

1. c4 e5 2. e4 Nc6 3. Nc3 Bb4 4. Nd5 Nf6 5. Nxb4 Nxb4 6. d3 O-O 7. g3 Nc6 8.
Bg2 Nd4 9. Ne2 c6 10. O-O d5 11. h3 dxc4 12. dxc4 Be6 13. b3 c5 14. Nxd4 exd4
15. e5 Nd7 16. f4 Nb6 17. f5 Bc8 18. Qh5 Qc7 19. f6 gxf6 20. Rxf6 Re8 21. Bh6
Rxe5 22. Rxf7 Rxh5 23. Rf8# 1-0

[Event "DVM U14w 2012"]
[Site "Magdeburg GER"]
[Date "2012.12.27"]
[Round "2"]
[White "Böhle, Annika"]
[Black "Janke, Luisa"]
[Result "1-0"]
[Termination "normal"]
[Board "2.4"]
[WhiteElo "1115"]
[BlackElo "1200"]
[WhiteTeam "Muldental Wilkau-Haßlau"]
[BlackTeam "TuRa Harksheide"]
[WhiteFideId "12929417"]
[BlackFideId "12925225"]
[EventCountry "GER"]
[EventRounds "7"]
[EventType "team-swiss"]
[EventDate "2012.12.26"]

1. e4 c6 2. Bc4 d5 3. Bd3 dxe4 4. Bxe4 Nf6 5. Bf3 Bf5 6. d3 e6 7. Nc3 Bb4 8.
Bd2 Nd5 9. Nxd5 Bxd2+ 10. Qxd2 exd5 11. O-O-O O-O 12. Kb1 Nd7 13. g4 Be6 14.
Be2 Qb6 15. f4 f5 16. g5 Nc5 17. Ka1 Na4 18. Rb1 d4 19. Nf3 c5 20. Ne5 g6 21.
h4 Qa6 22. c4 Bf7 23. Nd7 Rfd8 24. Ne5 b5 25. cxb5 Qxb5 26. Nxf7 Kxf7 27. h5
Rh8 28. h6 Qa6 29. Rhc1 Rab8 30. Bd1 Rb5 31. Bxa4 Qxa4 32. Rc4 Qa6 33. b3 Rhb8
34. Qg2 Kf8 35. Qd5 Qb6 36. Qe5 Rb7 37. Qh8+ Ke7 38. Re1+ Kd6 39. Qf6+ Kd7 40.
Qe7+ Kc6 41. Qe6+ Kc7 42. Qf7+ Kc6 43. Re6+ Kd5 44. Re5+ Kc6 45. Re6+ Kd5 46.
Rxb6+ Rxf7 47. Rxb5 Rc7 48. b4 Re7 49. Rbxc5+ Kd6 50. Rxd4+ Ke6 51. Re5+ Kf7
52. Rxe7+ Kxe7 53. b5 Ke8 54. a4 Ke7 55. a5 1-0

[Event "DVM U14w 2012"]
[Site "Magdeburg GER"]
[Date "2012.12.27"]
[Round "2"]
[White "Neumann, Isabel"]
[Black "Nobis, Anna"]
[Result "0-1"]
[Termination "normal"]
[Board "3.1"]
[WhiteElo "1422"]
[BlackElo "1708"]
[WhiteTeam "SV 1919 Grimma"]
[BlackTeam "Chemnitzer SC Aufbau"]
[WhiteFideId "12964468"]
[BlackFideId "1270302"]
[EventCountry "GER"]
[EventRounds "7"]
[EventType "team-swiss"]
[EventDate "2012.12.26"]

1. e4 c5 2. d4 cxd4 3. Nf3 Nc6 4. Bc4 d6 5. Nxd4 e5 6. Nf3 Be7 7. Nc3 Nf6 8.
Bg5 Be6 9. Qe2 O-O 10. O-O Rc8 11. Nd5 Bxd5 12. exd5 Nxd5 13. Bxd5 Bxg5 14. Qb5
Rc7 15. Nxg5 Qxg5 16. f4 Qe7 17. fxe5 dxe5 18. Rae1 Nd4 19. Qd3 Qc5 20. Rf2
Qxd5 21. c3 Qa5 22. b4 Qb5 23. Qxb5 Nxb5 24. Rxe5 Nxc3 25. Rc2 Nd5 26. Rxc7
Nxc7 27. Re7 Rc8 28. b5 Kf8 29. Re5 Ne6 30. Kf1 Rc5 31. Re2 Rxb5 0-1

[Event "DVM U14w 2012"]
[Site "Magdeburg GER"]
[Date "2012.12.27"]
[Round "2"]
[White "Kempe, Anne"]
[Black "Arnhold, Steffi"]
[Result "1-0"]
[Termination "normal"]
[Board "3.2"]
[WhiteElo "1713"]
[BlackElo "1392"]
[WhiteTeam "Chemnitzer SC Aufbau"]
[BlackTeam "SV 1919 Grimma"]
[WhiteFideId "12918083"]
[BlackFideId "12931365"]
[EventCountry "GER"]
[EventRounds "7"]
[EventType "team-swiss"]
[EventDate "2012.12.26"]

1. e4 c5 2. Nf3 d6 3. d4 cxd4 4. Nxd4 Nf6 5. Nc3 a6 6. Bg5 e6 7. f4 Be7 8. Qf3
Nc6 9. Nb3 Bd7 10. O-O-O b5 11. Ne2 Rc8 12. Kb1 Qc7 13. Rc1 a5 14. Nbd4 b4 15.
h3 a4 16. Qd3 a3 17. b3 Nxd4 18. Qxd4 Bb5 19. Qxb4 Bxe2 20. Bxe2 d5 21. Bb5+
Kf8 22. Qd4 dxe4 23. Rhe1 Rd8 24. Qc4 Qd6 25. Bxf6 Bxf6 26. c3 Qd2 27. Re2 Qxf4
28. Qb4+ Be7 29. Qxe4 Qxe4+ 30. Rxe4 Rd2 31. Re2 Rxe2 32. Bxe2 f5 33. c4 Bc5
34. Rd1 Ke7 35. Kc2 h5 36. Kc3 g5 37. b4 Ba7 38. c5 g4 39. Rd3 Rg8 40. hxg4
hxg4 41. Re3 Bb8 42. b5 f4 43. Rd3 f3 44. Bf1 f2 45. c6 Rd8 46. Rxd8 Kxd8 47.
b6 g3 48. c7+ Bxc7 49. bxc7+ Kxc7 50. Kb3 Kd6 51. Kxa3 Kd5 52. Kb3 Kd4 53. Kc2
Ke3 54. a4 1-0

[Event "DVM U14w 2012"]
[Site "Magdeburg GER"]
[Date "2012.12.27"]
[Round "2"]
[White "Könze, Heike"]
[Black "Lukin, Jana"]
[Result "0-1"]
[Termination "normal"]
[Board "3.3"]
[WhiteElo "1225"]
[BlackElo "1203"]
[WhiteTeam "SV 1919 Grimma"]
[BlackTeam "Chemnitzer SC Aufbau"]
[WhiteFideId "12964476"]
[BlackFideId "12963968"]
[EventCountry "GER"]
[EventRounds "7"]
[EventType "team-swiss"]
[EventDate "2012.12.26"]

1. e4 c5 2. Nc3 d6 3. f4 g6 4. Nf3 Bg7 5. Bb5+ Bd7 6. Bxd7+ Qxd7 7. d3 Nc6 8.
Bd2 e6 9. Qe2 Nge7 10. Ng5 O-O 11. O-O-O Rfe8 12. Qf2 b6 13. Ne2 a5 14. Bc3 b5
15. e5 dxe5 16. Bxe5 Qa7 17. Bd6 Nd4 18. Nxd4 Bxd4 19. Qh4 h5 20. Bxe7 Qxe7 21.
h3 Kg7 22. Qg3 b4 23. Qf3 Qf6 24. Ne4 Bxb2+ 25. Kd2 Qd4 26. g4 h4 27. f5 Bc3+
28. Ke2 Qd5 29. fxg6 fxg6 30. Qf2 Bd4 31. Qxh4 Qxa2 32. Nd6 Qxc2+ 33. Ke1 Bc3+
34. Kf1 Rf8+ 35. Kg1 Bd4+ 36. Qf2 Qxf2# 0-1

[Event "DVM U14w 2012"]
[Site "Magdeburg GER"]
[Date "2012.12.27"]
[Round "2"]
[White "Dietrich, Michelle"]
[Black "Hagenbeck-Hübert, Lara"]
[Result "1/2-1/2"]
[Termination "normal"]
[Board "3.4"]
[WhiteElo "1071"]
[BlackElo "1261"]
[WhiteTeam "Chemnitzer SC Aufbau"]
[BlackTeam "SV 1919 Grimma"]
[BlackFideId "12964484"]
[EventCountry "GER"]
[EventRounds "7"]
[EventType "team-swiss"]
[EventDate "2012.12.26"]

1. e4 e5 2. Nf3 Nf6 3. d3 d6 4. Nc3 Be6 5. Be2 Be7 6. O-O O-O 7. d4 Nbd7 8. d5
Bg4 9. Nh4 Nxe4 10. Nf3 Nxc3 11. bxc3 Bf6 12. Bb2 Qe7 13. h3 Bf5 14. Nd2 Bh4
15. Bg4 Bg6 16. Nf3 f5 17. Nxh4 Qxh4 18. Be2 f4 19. Bg4 Bf5 20. f3 Rf6 21. c4
Qg3 22. Qe2 Raf8 23. Bc3 Rg6 24. Be1 Bxg4 25. Bxg3 Bxh3 26. Bh4 Rxg2+ 27. Qxg2
Bxg2 28. Kxg2 Nb6 29. Kf2 Nxc4 30. Rg1 Ne3 31. Rab1 b6 32. c4 Nxc4 33. Rbc1 b5
34. a4 a6 35. axb5 axb5 36. Rb1 Rb8 37. Rgc1 h6 38. Kg2 g5 39. Bf2 h5 40. Rb3
Kf7 41. Kh3 Kf6 42. Rc2 Kf5 43. Kg2 g4 44. Rd3 h4 45. fxg4+ Kxg4 46. Rh3 Rh8
47. Rcc3 e4 48. Kh2 e3 49. Be1 f3 50. Rc2 f2 51. Bxf2 exf2 52. Rxf2 Nb6 53. Rd3
Re8 54. Rd4+ Kg5 55. Rdf4 1/2-1/2

[Event "DVM U14w 2012"]
[Site "Magdeburg GER"]
[Date "2012.12.27"]
[Round "2"]
[White "Marx, Jasmin"]
[Black "Romanova, Alena"]
[Result "0-1"]
[Termination "normal"]
[Board "4.2"]
[WhiteElo "1326"]
[BlackElo "1590"]
[WhiteTeam "SV Welper 1922"]
[BlackTeam "Karlsruher SF 1853"]
[WhiteFideId "12929620"]
[BlackFideId "12918784"]
[EventCountry "GER"]
[EventRounds "7"]
[EventType "team-swiss"]
[EventDate "2012.12.26"]

1. d4 d5 2. Nf3 Nf6 3. Bg5 Bf5 4. e3 Nbd7 5. Bd3 Bxd3 6. Qxd3 e6 7. Nbd2 c5 8.
c3 c4 9. Qe2 Be7 10. O-O O-O 11. e4 b5 12. a3 a5 13. Bxf6 Bxf6 14. e5 Be7 15.
h3 b4 16. a4 b3 17. Nh2 Nb6 18. Qg4 Qd7 19. f4 Nxa4 20. Rab1 Kh8 21. Qh5 Nxb2
22. Rxb2 a4 23. Nxb3 cxb3 24. Ra1 Qb5 25. Qd1 Rfc8 26. Qb1 Rxc3 27. Qe1 Rd3 28.
Qe2 Qc4 29. Nf3 a3 30. Rd2 Rxd2 31. Qxd2 Bb4 32. Qf2 Bc3 33. Rc1 b2 34. Rd1 a2
35. Qc2 a1=Q 36. Kh2 Qxd1 37. Qxd1 Ra1 0-1

[Event "DVM U14w 2012"]
[Site "Magdeburg GER"]
[Date "2012.12.27"]
[Round "2"]
[White "Bykov, Ilona"]
[Black "Hütte, Sarah"]
[Result "0-1"]
[Termination "normal"]
[Board "4.3"]
[WhiteElo "1126"]
[BlackElo "1133"]
[WhiteTeam "Karlsruher SF 1853"]
[BlackTeam "SV Welper 1922"]
[WhiteFideId "12964433"]
[BlackFideId "12929611"]
[EventCountry "GER"]
[EventRounds "7"]
[EventType "team-swiss"]
[EventDate "2012.12.26"]

1. e4 d5 2. d3 dxe4 3. dxe4 Qxd1+ 4. Kxd1 e5 5. Nf3 Nc6 6. Bc4 Bg4 7. Nbd2 Bc5
8. Ke1 f6 9. Nb3 Bb6 10. Bd2 O-O-O 11. Bc3 Nge7 12. Rf1 Bxf3 13. gxf3 Nd4 14.
Nxd4 Bxd4 15. Bxd4 Rxd4 16. Be6+ Kb8 17. Rg1 g6 18. c3 Rd6 19. Bb3 Rhd8 20. Rd1
Nc6 21. Rxd6 Rxd6 22. Bg8 Rd7 23. Be6 Re7 24. Bd5 Nd8 25. h4 c6 26. Bb3 Ne6 27.
Ke2 Nf4+ 28. Ke3 Rd7 29. Bc4 b5 30. Be2 a5 31. Rd1 Kc7 32. a3 Ng2# 0-1

[Event "DVM U14w 2012"]
[Site "Magdeburg GER"]
[Date "2012.12.27"]
[Round "2"]
[White "Venjakob, Alina"]
[Black "Henke, Hanna"]
[Result "1-0"]
[Termination "normal"]
[Board "4.4"]
[WhiteElo "1119"]
[BlackElo "891"]
[WhiteTeam "SV Welper 1922"]
[BlackTeam "Karlsruher SF 1853"]
[WhiteFideId "12964492"]
[BlackFideId "12964441"]
[EventCountry "GER"]
[EventRounds "7"]
[EventType "team-swiss"]
[EventDate "2012.12.26"]

1. d4 d5 2. Nc3 Nf6 3. Bg5 Nc6 4. e3 Bf5 5. Nf3 e6 6. Bb5 Bd6 7. Ne5 O-O 8.
Nxc6 bxc6 9. Bxc6 Rb8 10. Rb1 Rb6 11. Ba4 Be7 12. Ne2 h6 13. Bh4 a5 14. O-O Rb4
15. Bb3 a4 16. a3 Rxb3 17. cxb3 Bxb1 18. Qxb1 axb3 19. Qd3 Qd6 20. Bg3 Qd7 21.
Qxb3 Bd6 22. h3 Be7 23. Rc1 Ne4 24. Bxc7 Bh4 25. f3 Nd6 26. Qb4 Nf5 27. g3 Bg5
28. f4 Bf6 29. Kf2 Be7 30. Qe1 Rc8 31. Qa5 g6 32. Qb6 Kh7 33. Qc6 Rd8 34. Bxd8
Qxd8 35. Qc7 Qf8 36. Qb7 Nd6 37. Qa7 Nb5 38. Qb6 Nd6 39. a4 Nc4 40. Qc6 Nxb2
41. Rc2 Nc4 42. Nc1 Na5 43. Qc8 Bd8 44. Rc7 Qe8 45. Rd7 Qxd7 46. Qxd7 Bb6 47.
Qxf7+ Kh8 48. Qe8+ Kg7 49. Qe7+ Kg8 50. Qxe6+ Kf8 51. Qxb6 Nc4 52. Qd8+ Kf7 53.
Qxd5+ Kf6 54. Qxc4 Kf5 55. a5 Kf6 56. a6 Kf5 57. a7 Kf6 58. a8=Q Ke7 59. Qc5+
Ke6 60. Qa6+ Kf7 61. Qc7+ Ke8 62. Qa8# 1-0

[Event "DVM U14w 2012"]
[Site "Magdeburg GER"]
[Date "2012.12.27"]
[Round "2"]
[White "Schumann, Rabea"]
[Black "Titgemeyer, Eva Maria"]
[Result "1-0"]
[Termination "normal"]
[Board "5.1"]
[WhiteElo "1383"]
[BlackElo "1622"]
[WhiteTeam "SG Güstrow/Teterow"]
[BlackTeam "SG Porz"]
[WhiteFideId "12918199"]
[BlackFideId "24655350"]
[EventCountry "GER"]
[EventRounds "7"]
[EventType "team-swiss"]
[EventDate "2012.12.26"]

1. c4 e5 2. g3 Nf6 3. Bg2 d5 4. b3 Be6 5. d3 c6 6. Bb2 Nbd7 7. Nf3 e4 8. Nd4
Bb4+ 9. Nd2 Qe7 10. O-O O-O 11. dxe4 Bxd2 12. Qxd2 dxc4 13. Nxe6 Qxe6 14. bxc4
Rad8 15. Rac1 Nxe4 16. Qd4 Nef6 17. e3 Nb6 18. Qc3 Rd7 19. Rc2 Rfd8 20. Qe5
Qxe5 21. Bxe5 Rd2 22. Rfc1 Rxc2 23. Rxc2 Rd1+ 24. Bf1 Ne4 25. Kg2 Rd2 26. Rxd2
Nxd2 27. Bd3 Nbxc4 28. Bc3 b5 29. e4 a6 30. Bxd2 Nxd2 31. f4 Kf8 32. Kf2 Ke7
33. Ke3 Nc4+ 34. Bxc4 bxc4 35. Kd4 Kf6 36. Kxc4 Kg6 37. g4 h5 38. h3 hxg4 39.
hxg4 Kf6 40. Kc5 Ke6 41. Kxc6 f6 42. Kb6 g5 43. fxg5 fxg5 44. Kxa6 Ke5 45. Kb5
Kxe4 46. a4 Kf4 47. a5 Kxg4 48. a6 Kh3 49. a7 1-0

[Event "DVM U14w 2012"]
[Site "Magdeburg GER"]
[Date "2012.12.27"]
[Round "2"]
[White "Sewald, Kathrin"]
[Black "Zoll, Cindy"]
[Result "1-0"]
[Termination "normal"]
[Board "5.2"]
[WhiteElo "1335"]
[BlackElo "1058"]
[WhiteTeam "SG Porz"]
[BlackTeam "SG Güstrow/Teterow"]
[WhiteFideId "12964557"]
[BlackFideId "12964638"]
[EventCountry "GER"]
[EventRounds "7"]
[EventType "team-swiss"]
[EventDate "2012.12.26"]

1. e4 e5 2. Nf3 Nc6 3. Bc4 Bc5 4. d3 Nf6 5. Bg5 h6 6. Bh4 d6 7. h3 O-O 8. O-O
Be6 9. Nc3 a6 10. a3 b5 11. Bd5 Bd7 12. Bxc6 Bxc6 13. d4 exd4 14. Nxd4 Bb7 15.
Nf5 Re8 16. Re1 b4 17. axb4 Bxb4 18. Qd4 Bxc3 19. bxc3 c5 20. Qxd6 Bxe4 21.
Bxf6 Qxd6 22. Nxd6 Re6 23. Nxe4 gxf6 24. Nxc5 Rc6 25. Ne4 f5 26. Ng3 Rxc3 27.
Nxf5 Rxc2 28. Nxh6+ Kg7 29. Nf5+ Kg6 30. Ra5 Rb2 31. Ne7+ Kf6 32. Nd5+ 1-0

[Event "DVM U14w 2012"]
[Site "Magdeburg GER"]
[Date "2012.12.27"]
[Round "2"]
[White "Jörs, Pia-Milena"]
[Black "Schröter, Sophie"]
[Result "1-0"]
[Termination "normal"]
[Board "5.3"]
[WhiteElo "1132"]
[BlackElo "1103"]
[WhiteTeam "SG Güstrow/Teterow"]
[BlackTeam "SG Porz"]
[WhiteFideId "12964646"]
[BlackFideId "12941786"]
[EventCountry "GER"]
[EventRounds "7"]
[EventType "team-swiss"]
[EventDate "2012.12.26"]

1. e4 e5 2. Nf3 Nc6 3. Bc4 Bc5 4. c3 h6 5. d4 exd4 6. cxd4 Bb4+ 7. Bd2 Bxd2+ 8.
Nbxd2 d6 9. h3 Bd7 10. O-O Nge7 11. d5 Ne5 12. Bb3 Bb5 13. Re1 Nd3 14. Re3 Ng6
15. Qc2 O-O 16. Bc4 Qd7 17. Bxd3 Bxd3 18. Qxd3 Nf4 19. Qd4 Qe7 20. Ree1 Rfe8
21. Rac1 c5 22. dxc6 bxc6 23. Rxc6 Rac8 24. Rxd6 Rc2 25. Rd7 Qc5 26. Qxc5 Rxc5
27. Rxa7 Nd3 28. Rb1 Rc2 29. b3 Ne5 30. Nxe5 Rxe5 31. Ra8+ Kh7 32. Rd1 Rb5 33.
Ra7 f6 34. Nf3 Re2 35. Nd4 Rxe4 36. Nxb5 Rb4 37. Nd6 Rb6 38. Nf5 Rb5 39. Nxg7
1-0

[Event "DVM U14w 2012"]
[Site "Magdeburg GER"]
[Date "2012.12.27"]
[Round "2"]
[White "Maier, Nicole"]
[Black "Schubert, Lea Sophie"]
[Result "1-0"]
[Termination "normal"]
[Board "5.4"]
[WhiteElo "930"]
[BlackElo "866"]
[WhiteTeam "SG Porz"]
[BlackTeam "SG Güstrow/Teterow"]
[WhiteFideId "12964573"]
[EventCountry "GER"]
[EventRounds "7"]
[EventType "team-swiss"]
[EventDate "2012.12.26"]

1. e4 e5 2. Nf3 Nc6 3. Bc4 Bc5 4. d3 Nf6 5. Nc3 d6 6. h3 Bd7 7. O-O Na5 8. b3
O-O 9. Rb1 Nh5 10. b4 Ng3 11. Re1 Nh5 12. bxc5 dxc5 13. Nxe5 Nf6 14. Qf3 Be8
15. Be3 b6 16. Bg5 Qe7 17. Bxf6 gxf6 18. Ng4 Kh8 19. Nxf6 Bc6 20. Bd5 Rab8 21.
Bxc6 Nxc6 22. Ncd5 Qd6 23. Qh5 Qe6 24. Qxh7# 1-0

[Event "DVM U14w 2012"]
[Site "Magdeburg GER"]
[Date "2012.12.27"]
[Round "2"]
[White "Hund, Sarah"]
[Black "Denkert, Anna"]
[Result "1-0"]
[Termination "normal"]
[Board "6.1"]
[WhiteElo "1859"]
[BlackElo "1655"]
[WhiteTeam "SK Freiburg Zähringen 1887"]
[BlackTeam "SV Empor Berlin"]
[WhiteFideId "12923338"]
[BlackFideId "12938122"]
[EventCountry "GER"]
[EventRounds "7"]
[EventType "team-swiss"]
[EventDate "2012.12.26"]

1. e4 e5 2. Nf3 Nf6 3. Nxe5 d6 4. Nf3 Nxe4 5. d3 Nf6 6. d4 d5 7. Bf4 Bf5 8.
Nbd2 Be7 9. c3 O-O 10. Be2 Nc6 11. O-O Bd6 12. Bxd6 Qxd6 13. Re1 Rfe8 14. Nf1
Ne4 15. Bd3 Re7 16. Qc2 Rae8 17. Re2 Bg6 18. Rae1 Nf6 19. Bxg6 fxg6 20. Ng3 Nd8
21. Ne5 Ne6 22. Qd2 Nd8 23. f4 Nf7 24. Re3 Nxe5 25. fxe5 Qe6 26. exf6 Qxe3+ 27.
Rxe3 Rxe3 28. fxg7 Kxg7 29. b3 h5 30. Kf2 R3e6 31. h3 Rf8+ 32. Kg1 Rfe8 33. Qg5
Rh8 34. Qxd5 Re3 35. Qd7+ Kg8 36. Qd8+ Kg7 37. Qxc7+ Kg8 38. Qxb7 1-0

[Event "DVM U14w 2012"]
[Site "Magdeburg GER"]
[Date "2012.12.27"]
[Round "2"]
[White "Du, Katharina"]
[Black "Lohrmann, Tabea"]
[Result "1-0"]
[Termination "normal"]
[Board "6.2"]
[WhiteElo "1544"]
[BlackElo "1461"]
[WhiteTeam "SV Empor Berlin"]
[BlackTeam "SK Freiburg Zähringen 1887"]
[WhiteFideId "12945757"]
[BlackFideId "12911941"]
[EventCountry "GER"]
[EventRounds "7"]
[EventType "team-swiss"]
[EventDate "2012.12.26"]

1. c4 c5 2. Nc3 Nf6 3. Nf3 Nc6 4. g3 d5 5. cxd5 Nxd5 6. Bg2 Nc7 7. O-O e5 8. d3
Be7 9. b3 f6 10. Bd2 O-O 11. Qc2 Be6 12. Ne4 b6 13. Rac1 Rc8 14. Rfd1 Qd7 15.
Bc3 Rfd8 16. Bb2 Nd5 17. a3 Nd4 18. Bxd4 exd4 19. Qb2 Qc6 20. b4 Rc7 21. bxc5
bxc5 22. Rc2 Rdc8 23. Nxd4 Qd7 24. Nxe6 Qxe6 25. Qb3 Qd7 26. Nc3 Rd8 27. Nxd5
1-0

[Event "DVM U14w 2012"]
[Site "Magdeburg GER"]
[Date "2012.12.27"]
[Round "2"]
[White "Cejda, Cecilia"]
[Black "Berdin, Victoria"]
[Result "1/2-1/2"]
[Termination "normal"]
[Board "6.3"]
[WhiteElo "1357"]
[BlackElo "1382"]
[WhiteTeam "SK Freiburg Zähringen 1887"]
[BlackTeam "SV Empor Berlin"]
[WhiteFideId "12921122"]
[EventCountry "GER"]
[EventRounds "7"]
[EventType "team-swiss"]
[EventDate "2012.12.26"]

1. e4 e5 2. Nf3 Nc6 3. Bc4 Bc5 4. c3 d6 5. d4 exd4 6. cxd4 Bb6 7. Nc3 Nf6 8.
Bg5 h6 9. Bh4 g5 10. Bg3 Bg4 11. e5 Qe7 12. O-O dxe5 13. dxe5 Nh5 14. Nd5 Qc5
15. Nxb6 Qxb6 16. Qb3 Qxb3 17. Bxb3 Bxf3 18. gxf3 Nxg3 19. fxg3 O-O 20. e6 fxe6
21. Bxe6+ Kg7 22. Bd5 Rf6 23. Rac1 Rd8 24. Be4 Rd2 25. Rf2 Rxf2 26. Kxf2 g4 27.
Ke3 gxf3 28. Bxf3 Re6+ 29. Kf4 Rf6+ 30. Ke4 Re6+ 31. Kf4 Rf6+ 32. Ke3 Re6+ 33.
Kf2 Rf6 34. Kg2 Rd6 35. Rc2 Kf7 36. Rf2 Ke7 37. Re2+ Kd8 38. Bxc6 Rxc6 39. Rd2+
Kc8 40. h4 b5 41. Kf3 a5 42. Rd5 Rf6+ 43. Kg4 c6 44. Rd2 c5 45. Rd5 Rc6 46. Kh5
c4 47. Rxb5 a4 48. Ra5 c3 49. bxc3 Rxc3 50. Rxa4 Rxg3 51. Kxh6 Kd7 52. Ra7+ Ke6
53. Rg7 Rh3 54. h5 Kf6 55. a4 Re3 56. a5 Re8 57. a6 Rh8+ 58. Rh7 Ra8 59. Rg7
Rh8+ 60. Rh7 Rg8 61. a7 Ra8 1/2-1/2